000
00297nam a22001337a 4500
008
170529b xxu||||| |||| 00| 0 eng d
020
_a
2900072910093
041
_a
eng
080
_2
5TH
_a
94
100
_a
16
101
_a
SHH
245
_a
THE HUMANISTIC TRADITION
_c
FIERO,G.K
942
_2
udc
_c
BK
999
_c
14929
_d
14929